00298nam a2200121Ia 4500008004100000020001500041041001200056100001200068245004100080260003500121300000800156650001200164221030s9999 xx 000 0 und d a9388333252 aEnglish aP. Jain 0aMind, Life & Reflectionscby P. Jain bInvincible Pub.aGurgaonc2018 a203 aGeneral